Top 5 Songs On A Moon Shaped Pool (Radiohead) - Statistics

General Stats
  • This quiz has been taken 35 times
    32 since last reset
  • The average score is 4 of 5
Answer Stats
Hint Answer % Correct
75,240,068 Burn The Witch
94%
44,984,518 True Love Waits
94%
63,621,419 Daydreaming
84%
44,305,278 Decks Dark
81%
42,434,441 Present Tense
72%
No matching quizzes found
Score Distribution
Percent of People with Each Score
Percentile by Number Answered
Your Score History
You have not taken this quiz since the last reset